Система исследования капельных проб жидкостей; Фотоника; № 6

Dades bibliogràfiques
Parent link:Фотоника.— , 2007-
№ 6.— 2009.— [С. 32-35]
Autor principal: Аристов А. А. Александр Александрович
Altres autors: Евтушенко Г. С. Геннадий Сергеевич, Рафальский А. С.
Sumari:Заглавие с экрана
Биологическая жидкость - информационная система, весьма чутко реагирующая на все изменения состояния организма. Разработан новый метод изучения свойств биологической жидкости как цельной структуры с тонкими функциональными связями
Режим доступа: по договору с организацией-держателем ресурса
Idioma:rus
Publicat: 2009
Matèries:
Accés en línia:http://elibrary.ru/item.asp?id=17096764
Format: MixedMaterials Electrònic Capítol de llibre
KOHA link:https://koha.lib.tpu.ru/cgi-bin/koha/opac-detail.pl?biblionumber=636872

MARC

LEADER 00000nla0a2200000 4500
001 636872
005 20250408090659.0
035 |a (RuTPU)RU\TPU\network\931 
090 |a 636872 
100 |a 20140407d2009 k||y0rusy50 ca 
101 0 |a rus 
102 |a RU 
135 |a drnn ---uucaa 
181 0 |a i  
182 0 |a b 
200 1 |a Система исследования капельных проб жидкостей  |f А. А. Аристов, Г. С. Евтушенко, А. С. Рафальский 
203 |a Текст  |c электронный 
300 |a Заглавие с экрана 
330 |a Биологическая жидкость - информационная система, весьма чутко реагирующая на все изменения состояния организма. Разработан новый метод изучения свойств биологической жидкости как цельной структуры с тонкими функциональными связями 
333 |a Режим доступа: по договору с организацией-держателем ресурса 
461 |t Фотоника  |d 2007- 
463 |t № 6  |v [С. 32-35]  |d 2009 
610 1 |a электронный ресурс 
610 1 |a труды учёных ТПУ 
610 1 |a биологические жидкости 
610 1 |a капельные пробы 
610 1 |a исследования 
700 1 |a Аристов  |b А. А.  |c специалист в области электроники  |c доцент Томского политехнического университета, кандидат технических наук  |f 1972-  |g Александр Александрович  |3 (RuTPU)RU\TPU\pers\29233  |9 13835 
701 1 |a Евтушенко  |b Г. С.  |c российский специалист в области электрофизики  |c профессор Томского политехнического университета, доктор технических наук  |f 1947-  |g Геннадий Сергеевич  |3 (RuTPU)RU\TPU\pers\21960  |9 9279 
701 1 |a Рафальский  |b А. С. 
801 2 |a RU  |b 63413507  |c 20140407  |g RCR 
856 4 |u http://elibrary.ru/item.asp?id=17096764 
942 |c CF